[Event "UNAM w Prelim B"]
[Site "Mexico City MEX"]
[Date "2012.11.20"]
[Round "5.3"]
[White "Umudova, Nargiz"]
[Black "Muminova, Nafisa"]
[Result "1-0"]
[WhiteTitle "WIM"]
[BlackTitle "WIM"]
[WhiteElo "2220"]
[BlackElo "2349"]
[WhiteFideId "13402137"]
[BlackFideId "14201526"]
[EventDate "2012.11.16"]

1. e4 e6 2. d3 d5 3. Nd2 c5 4. Ngf3 Nc6 5. g3 g6 6. Bg2 Bg7 7. O-O Nge7 8. Re1
O-O 9. Qe2 b6 10. Nf1 Ba6 11. e5 Qc7 12. h4 h5 13. N1h2 Nf5 14. c3 b5 15. g4
Nfe7 16. gxh5 gxh5 17. Bf4 Ng6 18. Bg3 b4 19. Ng5 Rfe8 20. Rad1 Kf8 21. c4 dxc4
22. dxc4 Nd4 23. Qxh5 Rad8 24. b3 Ke7 25. Ne4 Rh8 26. Qg5+ Kd7 27. h5 Bh6 28.
Qf6 Ne7 29. Ng4 Nf5 30. Nd6 Qb6 31. Qxf7+ Ne7 32. Nf6+ Kc7 33. Qxe7+ Kb8 34.
Nd7+ Rxd7 35. Qxd7 Rd8 36. Qh7 Bf8 37. Qe4 Kc7 38. Nb5+ Bxb5 39. cxb5 Qxb5 40.
f4 Ne2+ 41. Qxe2 Qxe2 42. Rxe2 Rxd1+ 43. Kh2 a5 44. Rc2 a4 45. h6 Bxh6 46. Rxc5+
Kb6 47. Rc6+ Kb5 48. Rxe6 axb3 49. axb3 Bf8 50. Re8 Bc5 51. Rb8+ Ka5 52. f5 Rd3
53. f6 Rxb3 54. f7 Rb1 55. f8=Q Bxf8 56. Rxf8 b3 57. Rb8 b2 58. e6 Ka4 59. e7
Ka3 60. Bd6+ Ka2 61. Bd5+ Ka1 62. Ra8# 1-0

[Event "UNAM w Prelim B"]
[Site "Mexico City MEX"]
[Date "2012.11.20"]
[Round "5.4"]
[White "Muminova, Nafisa"]
[Black "Umudova, Nargiz"]
[Result "1-0"]
[WhiteTitle "WIM"]
[BlackTitle "WIM"]
[WhiteElo "2349"]
[BlackElo "2220"]
[WhiteFideId "14201526"]
[BlackFideId "13402137"]
[EventDate "2012.11.16"]

1. e4 d5 2. exd5 Qxd5 3. Nc3 Qa5 4. Nf3 Nf6 5. d4 Nc6 6. Bc4 Bg4 7. h3 Bxf3 8.
Qxf3 e6 9. Bb5 Nd5 10. O-O a6 11. Bxc6+ bxc6 12. Ne4 Ne7 13. Nc5 Qb6 14. Re1 Nd5
15. c4 Bxc5 16. cxd5 Bb4 17. dxe6 O-O 18. Re4 fxe6 19. Qg4 Kh8 20. Rxe6 Bd6 21.
b3 a5 22. Be3 a4 23. d5 c5 24. bxa4 Qb2 25. Rf1 Qxa2 26. Qh5 Rab8 27. g3 Bxg3
28. Bxc5 Bd6 29. Bd4 Qc2 30. Qg4 Rf7 31. Rfe1 Rbf8 32. a5 Qf5 33. Qxf5 Rxf5 34.
Re8 Rxd5 35. a6 Ra5 36. Rxf8+ Bxf8 37. Re8 Kg8 38. a7 c5 39. Bxc5 Kf7 40. Rxf8+
Kg6 41. a8=Q 1-0

[Event "UNAM w Prelim B"]
[Site "Mexico City MEX"]
[Date "2012.11.20"]
[Round "5.1"]
[White "Videnova, Iva"]
[Black "Guramishvili, Sopiko"]
[Result "1-0"]
[WhiteTitle "WGM"]
[BlackTitle "IM"]
[WhiteElo "2318"]
[BlackElo "2403"]
[WhiteFideId "2907763"]
[BlackFideId "13602888"]
[EventDate "2012.11.16"]

1. e4 c5 2. Nf3 d6 3. d4 Nf6 4. Nc3 cxd4 5. Nxd4 a6 6. Bg5 Nbd7 7. f4 g6 8. Qe2
h6 9. Bxf6 Nxf6 10. O-O-O Bg7 11. e5 Nh5 12. exd6 Qxd6 13. g3 Bxd4 14. Qe4 Nf6
15. Qxd4 Qxd4 16. Rxd4 O-O 17. Bg2 Rb8 18. Re1 Be6 19. Rb4 b6 20. Na4 Bd5 21.
Bf1 b5 22. Nc5 Rfc8 23. Nxa6 Rb6 24. Bxb5 Bb7 25. Bf1 Rxa6 26. Rxb7 Rxa2 27.
Rbxe7 Ra1+ 28. Kd2 Ra2 29. Rb7 Kg7 30. Ree7 Kg8 31. Bd3 Rf8 32. Bc4 Rd8+ 33. Kc3
Nd5+ 34. Bxd5 Rxd5 35. Rxf7 Ra6 36. Rfd7 Rc5+ 37. Kb3 Rc8 38. Rg7+ Kf8 39. Rbf7+
Ke8 40. Rg8+ Kxf7 41. Rxc8 1-0

[Event "UNAM w Prelim B"]
[Site "Mexico City MEX"]
[Date "2012.11.20"]
[Round "5.2"]
[White "Guramishvili, Sopiko"]
[Black "Videnova, Iva"]
[Result "1-0"]
[WhiteTitle "IM"]
[BlackTitle "WGM"]
[WhiteElo "2403"]
[BlackElo "2318"]
[WhiteFideId "13602888"]
[BlackFideId "2907763"]
[EventDate "2012.11.16"]

1. d4 Nf6 2. c4 g6 3. Nc3 d5 4. Nf3 Bg7 5. Qb3 dxc4 6. Qxc4 O-O 7. Bf4 Na6 8. e4
c5 9. dxc5 Qa5 10. Be3 Nxe4 11. Qxe4 Bxc3+ 12. Nd2 Bxb2 13. Rd1 Nxc5 14. Qxe7 b6
15. Bc4 Be6 16. O-O Rfe8 17. Qh4 Qa4 18. Rb1 Bc3 19. Rfc1 Bg7 20. Bh6 Bxc4 21.
Bxg7 Kxg7 22. Qd4+ Kg8 23. Nxc4 Re4 24. Qd5 Rae8 25. Nd6 Qd7 26. Nxe4 Qxd5 27.
Nf6+ Kg7 28. Nxd5 Re2 29. Nc3 Rd2 30. Rd1 Rc2 31. Rbc1 Rb2 32. g3 Ne6 33. Kf1
Ng5 34. Rb1 Rc2 35. Rdc1 Rd2 36. a4 Nh3 37. Nd1 Ra2 38. Ra1 Rd2 39. a5 b5 40. a6
Ng5 41. Rab1 Nf3 42. Rxb5 Nxh2+ 43. Kg2 Ng4 44. Rb7 h5 45. Rxa7 h4 46. gxh4 Ne5
47. Rb7 1-0

[Event "UNAM w Prelim B"]
[Site "Mexico City MEX"]
[Date "2012.11.20"]
[Round "5.3"]
[White "Videnova, Iva"]
[Black "Guramishvili, Sopiko"]
[Result "0-1"]
[WhiteTitle "WGM"]
[BlackTitle "IM"]
[WhiteElo "2318"]
[BlackElo "2403"]
[WhiteFideId "2907763"]
[BlackFideId "13602888"]
[EventDate "2012.11.16"]

1. e4 c5 2. Nf3 d6 3. d4 cxd4 4. Nxd4 Nf6 5. Nc3 a6 6. Bg5 Nbd7 7. f4 h6 8. Bxf6
Nxf6 9. Qd2 e5 10. Nf5 Nxe4 11. Nxg7+ Bxg7 12. Nxe4 d5 13. O-O-O Be6 14. Nc5 O-O
15. fxe5 Qb6 16. Qd4 Qc7 17. Nxe6 fxe6 18. Re1 Qa5 19. Bd3 Qxa2 20. Qg4 Rf2 21.
Qxe6+ Kh8 22. Be2 Qa1+ 23. Kd2 Qxb2 24. Ke3 Raf8 25. Qxd5 Qc3+ 26. Qd3 Qxe5+ 27.
Kd2 Qg5+ 28. Kd1 Rd8 29. Qxd8+ Qxd8+ 30. Bd3 Bc3 31. Re6 Qg5 32. Re2 Rxe2 0-1

[Event "UNAM w Prelim B"]
[Site "Mexico City MEX"]
[Date "2012.11.20"]
[Round "5.4"]
[White "Guramishvili, Sopiko"]
[Black "Videnova, Iva"]
[Result "1-0"]
[WhiteTitle "IM"]
[BlackTitle "WGM"]
[WhiteElo "2403"]
[BlackElo "2318"]
[WhiteFideId "13602888"]
[BlackFideId "2907763"]
[EventDate "2012.11.16"]

1. c4 Nf6 2. Nc3 d5 3. cxd5 Nxd5 4. g3 g6 5. Bg2 Nb6 6. Nf3 Bg7 7. d3 Nc6 8. h4
h6 9. a3 e5 10. Bd2 Nd4 11. Nxd4 exd4 12. Ne4 Nd7 13. Rc1 a5 14. Bf4 Be5 15. Qd2
Qe7 16. Bxe5 Qxe5 17. f4 Qe7 18. Rxc7 f5 19. Nf2 Qd6 20. Qc2 Kd8 21. Rc4 Re8 22.
O-O Nb6 23. Rc5 Re3 24. Nh1 Ra7 25. Rc1 Be6 26. Qd2 a4 27. Bf3 Nd7 28. Rc8+ Ke7
29. Rh8 h5 30. Rh7+ Bf7 31. Qc2 b5 32. Qc8 Nf8 33. Rh8 Be8 34. Bc6 Kf7 35. Rc5
Kg7 36. Bxe8 Rxe8 37. Qxe8 Qxc5 38. Rxf8 Qxf8 39. Qxb5 Qe7 40. Qc4 Qe3+ 41. Kf1
Re7 42. Qc2 Qe6 43. Nf2 Qd6 44. Qxa4 Qc5 45. Qc4 Qxc4 46. dxc4 Rc7 47. Ke1 Rxc4
48. Kd2 Kf6 49. Nd3 Ke6 50. Ne5 Rc8 51. Kd3 Rc1 52. Kxd4 Rc2 53. b4 Rxe2 54. b5
Ra2 55. b6 Rxa3 56. b7 Rb3 57. Nc6 1-0

[Event "UNAM w Prelim B"]
[Site "Mexico City MEX"]
[Date "2012.11.20"]
[Round "5.1"]
[White "Esquivel De Leon, Aurora"]
[Black "Partac, Elena"]
[Result "0-1"]
[WhiteTitle "WIM"]
[BlackTitle "WGM"]
[WhiteElo "1965"]
[BlackElo "2086"]
[WhiteFideId "5110432"]
[BlackFideId "13901001"]
[EventDate "2012.11.16"]

1. Nf3 c5 2. c4 Nc6 3. Nc3 g6 4. g3 Bg7 5. Bg2 d6 6. O-O Nf6 7. d3 O-O 8. Rb1 h6
9. a3 Be6 10. b4 Qd7 11. b5 Nd8 12. e4 Bh3 13. Nd5 Nxd5 14. exd5 Bxg2 15. Kxg2
e6 16. dxe6 Nxe6 17. Bb2 d5 18. Bxg7 Kxg7 19. Re1 Rae8 20. Qb3 Nf4+ 21. gxf4
Qg4+ 22. Kh1 Qxf3+ 23. Kg1 Qg4+ 24. Kh1 Qf3+ 25. Kg1 d4 26. Qc2 Qg4+ 27. Kh1
Qf3+ 28. Kg1 Qxf4 29. Rbd1 Re5 30. Rxe5 Qxe5 31. Qd2 Re8 32. f4 Qh5 33. Rf1 Re2 0-1

[Event "UNAM w Prelim B"]
[Site "Mexico City MEX"]
[Date "2012.11.20"]
[Round "5.2"]
[White "Partac, Elena"]
[Black "Esquivel De Leon, Aurora"]
[Result "1-0"]
[WhiteTitle "WGM"]
[BlackTitle "WIM"]
[WhiteElo "2086"]
[BlackElo "1965"]
[WhiteFideId "13901001"]
[BlackFideId "5110432"]
[EventDate "2012.11.16"]

1. e4 c5 2. Nc3 e6 3. Nge2 Nc6 4. g3 g6 5. Bg2 Bg7 6. d3 Nge7 7. Be3 d6 8. Qd2
h5 9. h3 a6 10. O-O Qc7 11. f4 Nd4 12. Nc1 Bd7 13. Nd1 O-O-O 14. c3 Ndc6 15. Rb1
e5 16. Ne2 h4 17. g4 f5 18. g5 c4 19. Nf2 cxd3 20. Qxd3 fxe4 21. Nxe4 Bf5 22. c4
Qd7 23. Bb6 Rdf8 24. Qxd6 Bxe4 25. Qxd7+ Kxd7 26. Bxe4 Nf5 27. fxe5 Bxe5 28.
Rbd1+ Kc8 29. Bxf5+ Rxf5 30. Rxf5 gxf5 31. Rd5 Rg8 32. Be3 Kc7 33. b3 Rd8 34.
Rxd8 Kxd8 35. Kf2 Ke7 36. Kf3 Kf7 37. Bf4 Bxf4 38. Kxf4 Kg6 39. Nc3 Nb4 40. Nd5
Nd3+ 41. Ke3 Ne5 42. Kd4 Nf3+ 43. Ke3 Kf7 44. Nc3 Kg6 45. Kf4 Ne5 46. Ke3 Nd3
47. Kd4 Ne5 48. Kc5 Nc6 49. Kb6 Kh5 50. Kxb7 Nb4 51. c5 Kxg5 52. c6 Nxc6 53.
Kxc6 Kf6 54. Kb6 Ke6 55. Kxa6 Kd6 56. b4 Kc6 57. b5+ Kc7 58. Ka7 1-0

[Event "UNAM w Prelim B"]
[Site "Mexico City MEX"]
[Date "2012.11.20"]
[Round "5.3"]
[White "Esquivel De Leon, Aurora"]
[Black "Partac, Elena"]
[Result "0-1"]
[WhiteTitle "WIM"]
[BlackTitle "WGM"]
[WhiteElo "1965"]
[BlackElo "2086"]
[WhiteFideId "5110432"]
[BlackFideId "13901001"]
[EventDate "2012.11.16"]

1. c4 e5 2. Nc3 Nc6 3. Nf3 g6 4. g3 Bg7 5. Bg2 d6 6. O-O Be6 7. d3 Qd7 8. Nd5 h6
9. Rb1 Nce7 10. Nd2 c6 11. Nxe7 Nxe7 12. b4 Bh3 13. Qb3 O-O 14. Ne4 Bxg2 15.
Kxg2 Kh7 16. c5 d5 17. Nd6 Nc8 18. Nxc8 Raxc8 19. e4 dxe4 20. dxe4 Qd4 21. Qe3
f5 22. Re1 fxe4 23. Qxd4 exd4 24. Rxe4 Rce8 25. f3 Rxe4 26. fxe4 Re8 27. Kf3 g5
28. h3 a6 29. Bb2 Be5 30. Rd1 Rd8 31. Rd3 Kg6 32. g4 Rf8+ 33. Ke2 Rf4 34. Rf3
d3+ 35. Rxd3 Bxb2 36. Rd6+ Rf6 37. Rd7 Rf7 38. Rd6+ Kg7 39. Ke3 Bc3 40. Rd3 Bxb4
41. Rb3 Bxc5+ 42. Kd3 Rf3+ 43. Kc4 Rxb3 44. axb3 b6 45. b4 Bd6 46. Kd4 Bxb4 47.
Ke5 a5 48. Ke6 a4 49. e5 a3 50. Kd7 a2 0-1

[Event "UNAM w Prelim B"]
[Site "Mexico City MEX"]
[Date "2012.11.20"]
[Round "5.4"]
[White "Partac, Elena"]
[Black "Esquivel De Leon, Aurora"]
[Result "1-0"]
[WhiteTitle "WGM"]
[BlackTitle "WIM"]
[WhiteElo "2086"]
[BlackElo "1965"]
[WhiteFideId "13901001"]
[BlackFideId "5110432"]
[EventDate "2012.11.16"]

1. e4 c5 2. Nc3 Nc6 3. g3 g6 4. Bg2 Bg7 5. d3 a6 6. f4 d6 7. Nge2 Nf6 8. O-O O-O
9. h3 Qc7 10. g4 e6 11. Ng3 Nd4 12. f5 Nd7 13. g5 Be5 14. Bf4 Bxf4 15. Rxf4 Ne5
16. Rh4 b5 17. f6 Bb7 18. Qf1 Rac8 19. Qf4 h5 20. Nxh5 gxh5 21. Rxh5 Ng6 22. Qf2
d5 23. Rh6 b4 24. Nd1 Qf4 25. Rxg6+ fxg6 26. Qxf4 Ne2+ 27. Kf2 Nxf4 1-0

[Event "UNAM w Prelim C"]
[Site "Mexico City MEX"]
[Date "2012.11.16"]
[Round "1.1"]
[White "Maisuradze, Nino"]
[Black "Botez, Alexandra"]
[Result "1-0"]
[WhiteTitle "WGM"]
[BlackTitle "WCM"]
[WhiteElo "2315"]
[BlackElo "2015"]
[WhiteFideId "13601717"]
[BlackFideId "2603365"]
[EventDate "2012.11.16"]

1. d4 Nf6 2. c4 g6 3. Nc3 d6 4. e4 Bg7 5. f4 O-O 6. Nf3 c5 7. d5 e6 8. Be2 exd5
9. cxd5 Bg4 10. O-O Nbd7 11. h3 Bxf3 12. Bxf3 Ne8 13. Qc2 a6 14. a4 Nc7 15. Be3
Re8 16. Bf2 Rb8 17. Rad1 b5 18. axb5 axb5 19. e5 dxe5 20. f5 Na6 21. d6 Nb4 22.
Qb1 Qb6 23. Nd5 Nxd5 24. Bxd5 Nf6 25. Ba2 Qc6 26. fxg6 hxg6 27. Qxg6 c4 28. Qf5
e4 29. Bh4 Re6 30. Bb1 b4 31. d7 Qb6+ 32. Kh1 e3 33. Rfe1 Rd8 34. Bxf6 Rxf6 35.
Qe4 Re6 36. Qxc4 Bxb2 37. Bf5 Rc6 38. Qe4 Bg7 39. Rxe3 Rc4 40. Qe8+ Bf8 41. Rg3+
Kh8 42. Qxf7 1-0

[Event "UNAM w Prelim C"]
[Site "Mexico City MEX"]
[Date "2012.11.16"]
[Round "1.2"]
[White "Botez, Alexandra"]
[Black "Maisuradze, Nino"]
[Result "1/2-1/2"]
[WhiteTitle "WCM"]
[BlackTitle "WGM"]
[WhiteElo "2015"]
[BlackElo "2315"]
[WhiteFideId "2603365"]
[BlackFideId "13601717"]
[EventDate "2012.11.16"]

1. d4 d5 2. c4 e6 3. Nf3 Nf6 4. Nc3 Be7 5. Bg5 O-O 6. e3 h6 7. Bh4 Ne4 8. Bxe7
Qxe7 9. Rc1 c6 10. Bd3 Nxc3 11. Rxc3 dxc4 12. Bxc4 Nd7 13. O-O b5 14. Bd3 Bb7
15. Ne5 Nxe5 16. dxe5 Rfd8 17. Qc2 Rac8 18. Be4 c5 19. Bxb7 Qxb7 20. Rxc5 Rxc5
21. Qxc5 Rd5 22. Qc3 b4 23. Qc4 Rxe5 24. Rc1 Rd5 25. h3 Rd2 26. Rc2 Qd7 27. Kh2
Qd6+ 28. g3 Rd1 29. Qe4 g6 30. Qf3 Kg7 31. b3 h5 32. Rc6 Qd7 33. Rc4 Rf1 34. Rf4
Ra1 35. Qe2 Qd1 36. Qxd1 Rxd1 37. Rxb4 Rd2 38. Kg2 Rxa2 39. Kf3 a5 40. Ra4 Rb2
41. Rxa5 Rxb3 42. Kf4 Rb2 43. f3 Kf6 44. h4 Rf2 45. Ra6 Rb2 46. e4 Rb5 47. Rc6
g5+ 48. hxg5+ Rxg5 49. g4 h4 50. Ra6 Rg8 51. e5+ Kg6 52. Ra2 Rb8 53. Rh2 Rb4+
54. Ke3 Kg5 55. Rh3 Rb3+ 56. Ke4 Rb4+ 57. Ke3 Ra4 58. Kd3 Ra1 59. Ke3 Re1+ 60.
Kd4 Re2 61. Rh1 Kf4 62. Rxh4 Kxf3 63. Rh7 Rd2+ 64. Kc3 Rd7 65. g5 Rc7+ 66. Kd4
Rd7+ 67. Kc5 Rd5+ 68. Kc6 Rxe5 69. Rxf7+ Ke4 70. g6 Rg5 71. g7 e5 72. Kd7 Kd4
73. Ke8 e4 74. Rd7+ Kc3 75. Kf8 e3 76. g8=Q Rxg8+ 77. Kxg8 e2 78. Rc7+ Kd2 79.
Rd7+ Kc2 80. Re7 Kd2 81. Rxe2+ Kxe2 1/2-1/2

[Event "UNAM w Prelim C"]
[Site "Mexico City MEX"]
[Date "2012.11.16"]
[Round "1.3"]
[White "Maisuradze, Nino"]
[Black "Botez, Alexandra"]
[Result "1-0"]
[WhiteTitle "WGM"]
[BlackTitle "WCM"]
[WhiteElo "2315"]
[BlackElo "2015"]
[WhiteFideId "13601717"]
[BlackFideId "2603365"]
[EventDate "2012.11.16"]

1. d4 Nf6 2. c4 g6 3. Nc3 d6 4. e4 Bg7 5. f4 O-O 6. Nf3 c5 7. d5 e6 8. Be2 exd5
9. cxd5 Bg4 10. O-O Nbd7 11. h3 Bxf3 12. Bxf3 a6 13. a4 Rb8 14. Be3 b5 15. axb5
axb5 16. e5 dxe5 17. fxe5 Nxe5 18. Bxc5 Re8 19. d6 b4 20. Nd5 Rb5 21. Ne7+ Kh8
22. Be3 Nc4 23. Bf4 Qb6+ 24. Kh1 Rd8 25. Nc6 Nxb2 26. Qb3 Rf8 27. Qxb2 Ne4 28.
Qc2 Nxd6 29. Bxd6 b3 30. Qc4 b2 31. Rab1 Rc8 32. Qxf7 1-0

[Event "UNAM w Prelim C"]
[Site "Mexico City MEX"]
[Date "2012.11.16"]
[Round "1.4"]
[White "Botez, Alexandra"]
[Black "Maisuradze, Nino"]
[Result "1/2-1/2"]
[WhiteTitle "WCM"]
[BlackTitle "WGM"]
[WhiteElo "2015"]
[BlackElo "2315"]
[WhiteFideId "2603365"]
[BlackFideId "13601717"]
[EventDate "2012.11.16"]

1. d4 d5 2. c4 e6 3. Nf3 Nf6 4. Nc3 Be7 5. Bg5 O-O 6. e3 b6 7. Rc1 Bb7 8. Bxf6
Bxf6 9. cxd5 exd5 10. b4 c6 11. Bd3 Qd6 12. Qb3 Nd7 13. O-O Be7 14. a3 Kh8 15.
e4 dxe4 16. Nxe4 Qf4 17. Rfe1 Bd8 18. Re3 Bc7 19. g3 Qg4 20. Neg5 c5 21. Nxf7+
Rxf7 22. Qxf7 Rf8 23. Re8 Qxf3 24. Rxf8+ Nxf8 25. Qxf3 Bxf3 26. bxc5 bxc5 27.
Rxc5 Ne6 28. Rc3 Bd5 29. Bf5 Bb6 30. Rc8+ Nd8 31. Bh3 Bb7 32. Rc4 Kg8 33. Bg2
Bxg2 34. Kxg2 Kf7 35. Kf3 Ke7 36. Ke4 Kd6 37. f4 h6 38. h4 Nc6 39. g4 Ne7 40. f5
Bd8 41. Ra4 a5 42. Rc4 Nd5 43. Rc5 Nf6+ 44. Kf4 Nd7 45. Rc8 Bxh4 46. Ra8 Bg5+
47. Kf3 Bd2 48. Ra7 Nb6 49. Rxg7 Nc4 50. Rg6+ Kd5 51. f6 Ke6 52. d5+ Kf7 53.
Rg7+ Kxf6 54. Rc7 Nxa3 55. Ke2 Bb4 56. Rc6+ Ke5 57. Rxh6 Kxd5 58. Kd3 Nc4 59.
Rh5+ Ne5+ 60. Kc2 a4 61. Kb2 a3+ 62. Kb3 Bd6 63. Rf5 Ke6 64. Rf1 Nd3 65. g5 Ne5
66. Rf6+ Ke7 67. Rxd6 Kxd6 68. Kxa3 Ke6 69. Kb3 Kf5 70. Kc3 Kxg5 1/2-1/2

[Event "UNAM w Prelim C"]
[Site "Mexico City MEX"]
[Date "2012.11.16"]
[Round "1.1"]
[White "Ordaz Valdes, Lisandra Teresa"]
[Black "Andrenko, Irina"]
[Result "1/2-1/2"]
[WhiteTitle "WGM"]
[BlackTitle "WIM"]
[WhiteElo "2350"]
[BlackElo "2233"]
[WhiteFideId "3506940"]
[BlackFideId "14118270"]
[EventDate "2012.11.16"]

1. d4 Nf6 2. c4 g6 3. Nc3 Bg7 4. e4 d6 5. f4 O-O 6. Nf3 c5 7. d5 e6 8. dxe6 fxe6
9. Bd3 Nc6 10. O-O Nd4 11. Nxd4 cxd4 12. Nb5 e5 13. fxe5 dxe5 14. c5 Be6 15. Bg5
Qd7 16. Nd6 Qc7 17. Qc2 h6 18. Bd2 Kh7 19. b4 Nh5 20. Nf5 Nf4 21. Bxf4 exf4 22.
Nxg7 Kxg7 23. e5 g5 24. Rae1 Rad8 25. Rf2 Kh8 26. Kh1 Qe7 27. Be4 Bg4 28. Qd2
Be6 29. Qc2 Bg4 30. Qd2 Be6 31. Qd1 Bc8 1/2-1/2

[Event "UNAM w Prelim C"]
[Site "Mexico City MEX"]
[Date "2012.11.16"]
[Round "1.2"]
[White "Andrenko, Irina"]
[Black "Ordaz Valdes, Lisandra Teresa"]
[Result "1-0"]
[WhiteTitle "WIM"]
[BlackTitle "WGM"]
[WhiteElo "2233"]
[BlackElo "2350"]
[WhiteFideId "14118270"]
[BlackFideId "3506940"]
[EventDate "2012.11.16"]

1. e4 e5 2. Nf3 Nc6 3. d4 exd4 4. Nxd4 Nf6 5. Nxc6 bxc6 6. e5 Qe7 7. Qe2 Nd5 8.
c4 Nb6 9. Nc3 Qe6 10. g3 Ba6 11. b3 Bb4 12. Bd2 O-O-O 13. O-O-O Ba3+ 14. Kb1
Qf5+ 15. Qe4 Qxf2 16. c5 Bxf1 17. cxb6 Bg2 18. Qa4 Qxb6 19. Qxa3 Bxh1 20. Rxh1
Qf2 21. Qa6+ Kb8 22. Qd3 Qc5 23. Re1 Rhe8 24. Be3 Qa5 25. Qd4 d6 26. exd6 cxd6
27. Kb2 Re7 28. Bf2 Rxe1 29. Bxe1 Qe5 30. Qxe5 dxe5 31. Kc2 f5 32. Bd2 h6 33.
Kd1 g5 34. Ke2 Kb7 35. Na4 Rd5 36. Nc3 Rd8 37. Na4 Kc7 38. Ba5+ Kd7 39. Bxd8
Kxd8 40. Nc5 Ke7 41. Nb7 Kd7 42. Ke3 Kc7 43. Nc5 Kd6 44. Nb7+ Kd5 45. Nd8 c5 46.
Nf7 f4+ 47. gxf4 exf4+ 48. Kf3 c4 49. bxc4+ Kxc4 50. Nxh6 Kc3 51. Nf7 a5 52.
Nxg5 a4 53. h4 Kb2 54. h5 Kxa2 55. h6 Kb1 56. h7 a3 57. h8=Q a2 58. Qh1+ Kb2 59.
Qg2+ Kb1 60. Qf1+ Kb2 61. Qe2+ Kb1 62. Qd1+ Kb2 63. Qd4+ Kb1 64. Ne4 a1=Q 65.
Nd2+ Ka2 66. Qc4+ Ka3 67. Qa6+ Kb4 68. Ke4 1-0

[Event "UNAM w Prelim C"]
[Site "Mexico City MEX"]
[Date "2012.11.16"]
[Round "1.3"]
[White "Ordaz Valdes, Lisandra Teresa"]
[Black "Andrenko, Irina"]
[Result "1/2-1/2"]
[WhiteTitle "WGM"]
[BlackTitle "WIM"]
[WhiteElo "2350"]
[BlackElo "2233"]
[WhiteFideId "3506940"]
[BlackFideId "14118270"]
[EventDate "2012.11.16"]

1. d4 Nf6 2. c4 g6 3. Nc3 Bg7 4. e4 d6 5. f4 O-O 6. Nf3 Na6 7. Be3 Ng4 8. Bg1 e5
9. dxe5 dxe5 10. Qxd8 Rxd8 11. h3 Nf6 12. fxe5 Nd7 13. O-O-O Re8 14. Bh2 c6 15.
Be2 Nc7 16. Rhf1 Nxe5 17. Nxe5 Bxe5 18. Bxe5 Rxe5 19. Rd8+ Re8 20. Rxe8+ Nxe8
21. e5 Be6 22. Ne4 Rd8 23. Rd1 Rxd1+ 24. Kxd1 b6 25. b3 h6 26. Bf3 c5 27. Nc3
Nc7 28. Bc6 Kf8 29. Kd2 Ke7 30. Nd5+ Kd8 31. Nf6 Na6 32. a3 Nb8 33. Bd5 Nd7 34.
Nxd7 Kxd7 35. Ke3 Ke7 36. g4 g5 37. Ke4 1/2-1/2

[Event "UNAM w Prelim C"]
[Site "Mexico City MEX"]
[Date "2012.11.16"]
[Round "1.4"]
[White "Andrenko, Irina"]
[Black "Ordaz Valdes, Lisandra Teresa"]
[Result "0-1"]
[WhiteTitle "WIM"]
[BlackTitle "WGM"]
[WhiteElo "2233"]
[BlackElo "2350"]
[WhiteFideId "14118270"]
[BlackFideId "3506940"]
[EventDate "2012.11.16"]

1. e4 e5 2. Nf3 Nc6 3. Bc4 Bc5 4. d3 Nf6 5. O-O a6 6. c3 Ba7 7. Bb3 d6 8. Nbd2
O-O 9. Re1 Ng4 10. Re2 Kh8 11. h3 Nh6 12. Nf1 f5 13. Bxh6 gxh6 14. exf5 Bxf5 15.
Bd5 Ne7 16. Bxb7 Ng6 17. Bxa8 Qxa8 18. Re3 Bxh3 19. N1h2 Nf4 20. gxh3 Nxh3+ 21.
Kf1 Nf4 22. Ke1 Ng2+ 23. Kd2 Nxe3 24. fxe3 e4 25. dxe4 Qxe4 26. Qe2 Rf5 27. Nd4
Rg5 28. Nhf3 Rg4 29. Qd3 Rg2+ 30. Kc1 Rg3 31. Kd2 Rg1 32. Qe2 Rg4 33. Rg1 0-1

[Event "UNAM w Prelim C"]
[Site "Mexico City MEX"]
[Date "2012.11.16"]
[Round "1.1"]
[White "Toro Pradenas, Maria Jose"]
[Black "Gara, Ticia"]
[Result "0-1"]
[WhiteTitle "WFM"]
[BlackTitle "WGM"]
[WhiteElo "2009"]
[BlackElo "2377"]
[WhiteFideId "3412610"]
[BlackFideId "717444"]
[EventDate "2012.11.16"]

1. e4 c5 2. c3 Nf6 3. e5 Nd5 4. d4 cxd4 5. Nf3 Nc6 6. Bc4 Nb6 7. Bb3 d5 8. cxd4
Bg4 9. Be3 e6 10. O-O Be7 11. Nbd2 O-O 12. Bc2 Nb4 13. Bb1 Nc4 14. Nxc4 dxc4 15.
h3 Bf5 16. Bxf5 exf5 17. Qe2 Rc8 18. Rfc1 Qd5 19. Rc3 Rc6 20. b3 cxb3 21. Rxb3
Rc2 22. Qd1 Rfc8 23. Ne1 Rxa2 24. Rxa2 Nxa2 25. Qb1 Nc3 26. Qb2 Nd1 27. Qb1 Nxe3
28. fxe3 Rc7 29. Kf1 Qc4+ 30. Kf2 b6 31. Rb2 Qe6 32. Qd3 g6 33. Re2 Rd7 34. Rb2
f6 35. Nf3 Rxd4 36. Qd1 0-1

[Event "UNAM w Prelim C"]
[Site "Mexico City MEX"]
[Date "2012.11.16"]
[Round "1.2"]
[White "Gara, Ticia"]
[Black "Toro Pradenas, Maria Jose"]
[Result "1-0"]
[WhiteTitle "WGM"]
[BlackTitle "WFM"]
[WhiteElo "2377"]
[BlackElo "2009"]
[WhiteFideId "717444"]
[BlackFideId "3412610"]
[EventDate "2012.11.16"]

1. e4 c5 2. Nf3 e6 3. d4 cxd4 4. Nxd4 a6 5. Bd3 Qc7 6. O-O Nf6 7. Qe2 Bc5 8. Nb3
Bd6 9. f4 e5 10. Nc3 O-O 11. f5 Bb4 12. Bg5 Bxc3 13. bxc3 d5 14. Bxf6 dxe4 15.
Bxg7 Kxg7 16. f6+ Kh8 17. Qxe4 1-0

[Event "UNAM w Prelim C"]
[Site "Mexico City MEX"]
[Date "2012.11.16"]
[Round "1.3"]
[White "Toro Pradenas, Maria Jose"]
[Black "Gara, Ticia"]
[Result "0-1"]
[WhiteTitle "WFM"]
[BlackTitle "WGM"]
[WhiteElo "2009"]
[BlackElo "2377"]
[WhiteFideId "3412610"]
[BlackFideId "717444"]
[EventDate "2012.11.16"]

1. e4 c5 2. c3 Nf6 3. e5 Nd5 4. d4 cxd4 5. Nf3 Nc6 6. Bc4 Nb6 7. Bb3 d5 8. exd6
Qxd6 9. Nxd4 Nxd4 10. cxd4 Bf5 11. O-O e6 12. Nc3 Be7 13. Nb5 Qd7 14. Qe2 O-O
15. Rd1 Bf6 16. Bf4 Nd5 17. Be5 Bg5 18. Nd6 Bg6 19. Ne4 Bxe4 20. Qxe4 f5 21. Qe2
Rac8 22. f4 Bxf4 23. Bxd5 Bxe5 24. Bxe6+ Qxe6 25. dxe5 Rfe8 26. Qb5 Re7 27. Rd5
a6 28. Qd3 Qb6+ 29. Kh1 Qe6 30. Re1 Rce8 31. b3 g6 32. Rd8 Rxd8 33. Qxd8+ Re8
34. Qd4 Kf7 35. g3 Re7 36. Kg2 Rd7 37. Qe3 Qd5+ 38. Kf2 Qd2+ 39. Re2 Qxe3+ 40.
Kxe3 Ke6 41. Kf3 Rd3+ 42. Kf2 Rd5 43. Rc2 Kxe5 44. Rc7 Rd2+ 45. Kg1 b5 46. a4
bxa4 47. bxa4 Ra2 48. Rc5+ Ke4 49. Ra5 Kf3 50. h4 Kxg3 51. Kf1 f4 52. Rxa6 f3 0-1